| 000 | 00486nam a22001817a 4500 | ||
|---|---|---|---|
| 999 |
_c3779 _d3779 |
||
| 003 | GBCCL | ||
| 005 | 20241126110503.0 | ||
| 008 | 171213b xxu||||| |||| 00| 0 eng d | ||
| 040 | _cgbc | ||
| 082 |
_aVER 252 _bCHI |
||
| 100 |
_aChinsuanthang, Hs. _97443 |
||
| 245 |
_aSermon Sawm (The Ten Sermon) / _cHs. Chinsuanthang |
||
| 260 |
_bH. Nemsiam, _aImphal: _c2002 |
||
| 300 |
_a324 p.; _c16 cm. |
||
| 440 |
_aSermon Sawm _vv. 5 & 6 _97444 |
||
| 650 |
_aSermons _96067 |
||
| 942 |
_2ddc _cBK _017 |
||